Motorsport Tracks by Corner Names - Statistics

General Stats
  • This quiz has been taken 1,033 times
    989 since last reset
  • The average score is 9 of 22
Answer Stats
Famous sections Circuit % Correct
Eau Rouge, Stavelot, Blanchimont Spa-Francorchamps
98%
Woodcote, Copse, Wellington Straight Silverstone
94%
Parabolica, Curva Grande, Ascari Monza
78%
'S' do Senna, Pinheirinho, Junção Interlagos / Autódromo José Carlos Pace
73%
Tamburello, Tosa, Acque Minerali Imola / Autodromo Internazionale Enzo e Dino Ferrari
71%
Sainte Devote, Tabac, La Rascasse Monaco
68%
Flugplatz, Karussel, Michael-Schumacher S Nürburgring
63%
Rainey Curve, Andretti Hairpin, The Corkscrew Laguna Seca
62%
Degner Curve, Spoon Curve, 130R Suzuka
61%
Mercedes, Sachs, Nordkurve Hockenheimring
58%
Tertre Rouge, Mulsanne, Indianapolis Le Mans / Circuit de la Sarthe
46%
Hammerhead, Gambon, Chicago Top Gear Test Track
34%
Casanova, Arrabiata, San Lorenzo Mugello
28%
Druids, Pilgrims Drop, Paddock Hill Brands Hatch
25%
Governor's Bridge, Ballacour Corner, Manx Arms Isle of Man TT Mountain Course
16%
Hell Corner, Griffins Bend, Forrest's Elbow Bathurst / Mount Panorama Circuit
15%
Barbeque, Cheetah, Ingwe Kyalami
12%
Canada Corner, Moraine Sweep, Hurry Downs Road America
10%
Adelaide, Imola, Estoril Magny-Cours
8%
Le Mans, Sunset Bend, Fangio Sebring
8%
Montreal, Hamilton, Bentley Straight Snetterton
5%
Brown Bush Corner, Heitman's Hill, Bottomless Pit Pikes Peak Hill Climb
2%
No matching quizzes found
Score Distribution
Percent of People with Each Score
Percentile by Number Answered
Your Score History
You have not taken this quiz since the last reset